=LDR 00000nam 2200000 4500 =001 NUTBA000000000005386 =005 20141029093105.0 =006 =007 =008 =020 ##$$a 978.979.041.139.5 =035 ##$$a 0010-101400000000616 =040 ##$$a NBPDMAT =082 ##$$a 507.6 =090 ##$$a 507.6 Nan m =100 ##$$a Nana Sujana =245 ##$$a Makhluk hidup pengetahuan IPA$cNana Sujana; editor Nita Sudarjo =260 ##$$a Jakarta : Ganeca Exact, 2008 =300 ##$$a iv, 40 hlm$bilus$c28 cm =500 ##$$a Bibliografi hlm : 40 =650 ##$$a Sains - Studi dan Pengajaran =700 ##$$a Nita Sudarjo =850 ##$$a NBPDMAT